000 00286nam a22001217a 4500
008 180925b xxu||||| |||| 00| 0 eng d
041 _aeng
080 _a159.9
100 _a47
101 _aPSI
245 _aThE Social Psychology Of Social Movements
_cToch.h
942 _2udc
_cBK
999 _c48430
_d48430